000
00373nam a2200145Ia 4500
008
231129s1993||||xx |||||||||||||| ||spa||
020
_a
758-33-0033-0
040
_b
spa
082
_a
Co861.44 C828r
100
_a
Cortes Jorge
245
0
_a
Los rostros del silencio
260
_c
1993
264
_a
Buho Pescador
942
_2
ddc
_c
BKS
999
_c
20034
_d
20034